Recursos extraordinarios en materia laboral / (Registro nro. 30728)

Detalles MARC
000 -LEADER
fixed length control field 03790nam a2200361Ia 4500
003 - CONTROL NUMBER IDENTIFIER
control field CO-CtgCURN
005 - DATE AND TIME OF LATEST TRANSACTION
control field 20250410171815.0
008 - FIXED-LENGTH DATA ELEMENTS--GENERAL INFORMATION
fixed length control field 220303s2020 xx 000 0 und d
020 ## - INTERNATIONAL STANDARD BOOK NUMBER
International Standard Book Number 9789587679915
040 ## - CATALOGING SOURCE
Original cataloging agency CO-CtgCURN
Language of cataloging spa
Transcribing agency coctgcurn
082 ## - DEWEY DECIMAL CLASSIFICATION NUMBER
Classification number 344.01
Item number R311
245 #0 - TITLE STATEMENT
Title Recursos extraordinarios en materia laboral /
Statement of responsibility, etc. coordinadores., Arturo Barco Álzate, Carolina Otálora Van Houten, Bernardo Alonso Wilches
250 ## - EDITION STATEMENT
Edition statement 1 edición
260 ## - PUBLICATION, DISTRIBUTION, ETC.
Place of publication, distribution, etc. Bogotá, Colombia :
Name of publisher, distributor, etc. Legis,
Date of publication, distribution, etc. 2020
300 ## - PHYSICAL DESCRIPTION
Extent 381 páginas ;
Dimensions 23 centímetros
500 ## - GENERAL NOTE
General note Incluye índice
504 ## - BIBLIOGRAPHY, ETC. NOTE
Bibliography, etc. note Incluye referencias bibliográficas
505 ## - FORMATTED CONTENTS NOTE
Formatted contents note Cap.1. Historia de la casación laboral colombiana -- Cap.2. El interés jurídico para recurrir en casación laboral -- Cap.3. Características del recurso de casación en materia laboral -- Cap.4. Formulación e interprete del recurso extraordinario de casación -- Cap.5. Limitaciones a las funciones y facultades de la sala laboral de la corte suprema de justicia como tribunal de casación -- Cap.6. El alcance de la impugnación en la casación laboral -- Cap.7. La proposición jurídica en el recurso extraordinario de casación en materia laboral, una mirada actual hacia su alcance y formulación -- Cap.8. La causal del recurso extraordinario de casación en materia laboral -- Cap.9. La causal segunda del recurso extraordinario de casación en materia laboral -- Cap.10. La violación medio -- Cap.11. La oposición en el tramite del recurso extraordinario de casación en materia laboral -- Cap.12. Prolegómeno a la sentencia de casación como camino de vitalidad jurídica -- Cap.13. Reflexiones acerca del alcance de la sentencia de casación en función de su naturaleza -- Cap.14. Hacia donde va el recurso de casación laboral reflexiones acerca de su técnica -- Cap.15. Comparación del régimen legal de la casación civil, laboral y penal -- Cap.16. Otros aspectos del recurso extraordinario de casación en materia laboral -- Cap.17. Comentarios introductorios al recurso extraordinario de anulación en conflictos económicos -- Cap.18. Procedimiento arbitral para conflictos económicos -- Cap.19. Procedencia de los tribulaciones de arbitramento obligatorios y voluntarios -- Cap.20. Enfoque jurisprudencial del recurso de anulación -- Cap.21. Pronunciamientos constitucionales sobre el recurso extraordinario de anulación frente a conflictos económicos -- Cap.22. Recurso extraordinario de anulación de laudos arbitrales proferidos en conflictos jurídicos -- Cap.23. La clausula compromisoria y el compromiso: perspectiva jurisprudencial desde los tribunales superiores -- Cap.24. El recurso de revisión o el quiebre necesario de lo absoluto -- Cap.25. Aproximación al recurso extraordinario de revisión -- Cap.26. Comentarios sobre el recurso extraordinario de revisión -- Cap.27. Aspectos legales y comentarios al recurso de revisión -- Cap.28. Jurisprudencia de la sala de casación laboral frente al recurso de revisión
521 ## - TARGET AUDIENCE NOTE
Target audience note AREA PROFESIONAL
590 ## - LOCAL NOTE (RLIN)
Local note Programa de Derecho_18
650 ## - SUBJECT ADDED ENTRY--TOPICAL TERM
Topical term or geographic name entry element Derecho laboral
Geographic subdivision Colombia
9 (RLIN) 8423
General subdivision Recursos extraordinarios
700 ## - ADDED ENTRY--PERSONAL NAME
Personal name Alonso Wilches, Bernardo
Relator term coordinador
9 (RLIN) 8424
700 ## - ADDED ENTRY--PERSONAL NAME
Personal name Barco Álzate, Carlos.
Relator term coordinador
9 (RLIN) 8425
700 ## - ADDED ENTRY--PERSONAL NAME
Personal name Otálora Van Houten, Carolina
Relator term coordinadora
9 (RLIN) 8426
700 ## - ADDED ENTRY--PERSONAL NAME
Personal name Ribero Álvarez, Patricia
Relator term autora
9 (RLIN) 8427
700 ## - ADDED ENTRY--PERSONAL NAME
Personal name Blanco, Oscar
Relator term autor
9 (RLIN) 8428
700 ## - ADDED ENTRY--PERSONAL NAME
Personal name Carrillo Guarín, Julio Cesar
Relator term autor
9 (RLIN) 8429
700 ## - ADDED ENTRY--PERSONAL NAME
Personal name Castellanos López, Alejandro
Relator term autor
9 (RLIN) 8430
700 ## - ADDED ENTRY--PERSONAL NAME
Personal name Cerón Coral, Jaime
Relator term autor
9 (RLIN) 8431
700 ## - ADDED ENTRY--PERSONAL NAME
Personal name Díaz Daza, Víctor Julio
Relator term autor
9 (RLIN) 8432
942 ## - ADDED ENTRY ELEMENTS (KOHA)
Koha item type Libros
Classification part 344.01
Item part R311
Koha issues (borrowed), all copies 2
Source of classification or shelving scheme Dewey Decimal Classification
Suppress in OPAC No
Existencias
Withdrawn status Lost status Source of classification or shelving scheme Damaged status Not for loan Collection Home library Current library Shelving location Date acquired Source of acquisition Inventory number Total checkouts Full call number Barcode Date last seen Date last checked out Copy number Price effective from Koha item type Public note
    Dewey Decimal Classification       Miguel Henríquez Castañeda Barranquilla Miguel Henríquez Castañeda Barranquilla General 03/02/2022 Compra OC-12-009-21 04996 2 344.01 R311 04996 02/29/2024 02/29/2024 ej.1 03/03/2022 Libros Compra OC-12-009-21 IIP 2021